Cyber space CBMs : (Record no. 211231)
[ view plain ]
| 000 -LEADER | |
|---|---|
| fixed length control field | 00577 a2200157 4500 |
| 003 - CONTROL NUMBER IDENTIFIER | |
| control field | NUST |
| 005 - DATE AND TIME OF LATEST TRANSACTION | |
| control field | 20221223162119.0 |
| 040 ## - CATALOGING SOURCE | |
| Transcribing agency | Nust |
| 082 ## - DEWEY DECIMAL CLASSIFICATION NUMBER | |
| Classification number | 355,YAM |
| 100 ## - MAIN ENTRY--PERSONAL NAME | |
| Personal name | Yamin, Dr Tughral |
| 9 (RLIN) | 105772 |
| 245 ## - TITLE STATEMENT | |
| Title | Cyber space CBMs : |
| Remainder of title | between Pakistan and India / |
| Statement of responsibility, etc. | Dr Tughral Yamin |
| 260 ## - PUBLICATION, DISTRIBUTION, ETC. | |
| Place of publication, distribution, etc. | NUST |
| Name of publisher, distributor, etc. | Islamabad |
| Date of publication, distribution, etc. | 2014 |
| 300 ## - PHYSICAL DESCRIPTION | |
| Extent | xiii,227 p.: |
| 505 ## - FORMATTED CONTENTS NOTE | |
| Formatted contents note | Introduction (Page-1), International Initiatives to create (Page-35), Existing Domestic Laws (Page-81), Information CBMs between Pakistan and India (Page-89), The Way Forward (Page-113). |
| 942 ## - ADDED ENTRY ELEMENTS (KOHA) | |
| Source of classification or shelving scheme | |
| Koha item type | Book |
| Call number prefix | 355,YAM |
| Withdrawn status | Lost status | Source of classification or shelving scheme | Damaged status | Not for loan | Permanent Location | Current Location | Shelving location | Date acquired | Full call number | Barcode | Date last seen | Price effective from | Koha item type | Public note |
|---|---|---|---|---|---|---|---|---|---|---|---|---|---|---|
| Military College of Signals (MCS) | Military College of Signals (MCS) | General Stacks | 12/12/2016 | 355,YAM | MCS37118 | 12/08/2016 | 12/12/2016 | Book | Almirah No.51, Shelf No.2 | |||||
| Military College of Signals (MCS) | Military College of Signals (MCS) | General Stacks | 12/12/2016 | 355,YAM | MCS37314 | 12/08/2016 | 12/12/2016 | Book | Almirah No.73, Shelf No.7 |
